El diseño antes de la Bauhaus (Record no. 11015)

MARC details
000 -CABECERA
campo de control de longitud fija 01210nam a22003017a 4500
001 - NÚMERO DE CONTROL
campo de control BRCA_9393
003 - IDENTIFICADOR DEL NÚMERO DE CONTROL
campo de control FranzMayer
005 - FECHA Y HORA DE LA ÚLTIMA TRANSACCIÓN
campo de control 20230918124739.0
008 - DATOS DE LONGITUD FIJA--INFORMACIÓN GENERAL
campo de control de longitud fija 230901b |||||||| |||| 00| 0 eng d
020 ## - NÚMERO INTERNACIONAL ESTÁNDAR DEL LIBRO
Número Internacional Estándar del Libro 9789685852258
040 ## - FUENTE DE LA CATALOGACIÓN
Centro catalogador/agencia de origen MFM
Lengua de catalogación ESPAÑOL
Centro/agencia transcriptor MFM
050 #0 - SIGNATURA TOPOGRÁFICA DE LA BIBLIOTECA DEL CONGRESO
Número de clasificación I5936.B38
Número de documento/Ítem R63 1995
100 1# - ENTRADA PRINCIPAL--NOMBRE DE PERSONA
Código de función/relación Autor
Nombre de persona Rodríguez Morales, Luis
9 (RLIN) 29492
240 ## - TÍTULO UNIFORME
Título uniforme El diseño antes de la Bauhaus
Lenguaje de la obra Español
245 1# - MENCIÓN DE TÍTULO
Título El diseño antes de la Bauhaus
250 ## - MENCIÓN DE EDICIÓN
Mención de edición Segunda edición
Resto de la mención de edición El diseño antes de la Bauhaus 2011
260 ## - PUBLICACIÓN, DISTRIBUCIÓN, ETC.
Lugar de publicación, distribución, etc. México
Nombre del editor, distribuidor, etc. Editorial Designio
Fecha de publicación, distribución, etc. 2011
300 ## - DESCRIPCIÓN FÍSICA
Extensión 170 p
Otras características físicas Ilustraciones
Dimensiones 24 cm
500 ## - NOTA GENERAL
Nota general Anexo 1
500 ## - NOTA GENERAL
Nota general El libro es la segunda edición, la, primera llevó el nombre de "El diseño preindustrial. Una visión histórica"
505 ## - NOTA DE CONTENIDO CON FORMATO
Nota de contenido con formato Texto en: españolIncluye índice temáticoIncluye bibliografíaDirigido a: diseñadores, historiadores del arte
650 1# - PUNTO DE ACCESO ADICIONAL DE MATERIA--TÉRMINO DE MATERIA
Fuente del encabezamiento o término Bibliografía selecta
Término de materia o nombre geográfico como elemento de entrada Artes visuales
Subdivisión de forma Diseño
9 (RLIN) 29493
651 2# - PUNTO DE ACCESO ADICIONAL DE MATERIA--NOMBRE GEOGRÁFICO
Fuente del encabezamiento o término Artes finas
Nombre geográfico Historia del diseño
Subdivisión de forma Banhaus
9 (RLIN) 29494
700 1# - PUNTO DE ACCESO ADICIONAL--NOMBRE DE PERSONA
Código de función/relación Dis.
Nombre de persona Salinas Losada, Oscar
9 (RLIN) 29495
700 1# - PUNTO DE ACCESO ADICIONAL--NOMBRE DE PERSONA
Código de función/relación Forma.
Nombre de persona Rodríguez, Carolina
9 (RLIN) 29496
700 1# - PUNTO DE ACCESO ADICIONAL--NOMBRE DE PERSONA
Código de función/relación Edi.
Nombre de persona Losada, Ana Maria
9 (RLIN) 29497
942 ## - ELEMENTOS DE PUNTO DE ACCESO ADICIONAL (KOHA)
Fuente del sistema de clasificación o colocación Library of Congress Classification
Tipo de ítem Koha Libros
Holdings
Estado de retiro Estado de pérdida Fuente del sistema de clasificación o colocación Estado dañado No para préstamo Código de colección Localización permanente Ubicación/localización actual Fecha de adquisición Total de préstamos Signatura topográfica completa Código de barras Fecha visto por última vez Precio válido a partir de Tipo de ítem Koha
El ejemplar forma parte de la colección y puede ser consultado según las políticas vigentes.   Library of Congress Classification     Fondo Contemporáneo Biblioteca del Museo Franz Mayer (Rogerio Casas-Alatriste) Biblioteca del Museo Franz Mayer (Rogerio Casas-Alatriste) 01/09/2023   I5936.B38 R63 1995 CONT10162 01/09/2023 01/09/2023 Libros